Aṇkhī sūrme, (Record no. 54840)
[ view plain ]
| 000 -LEADER | |
|---|---|
| fixed length control field | 00640cam a22002411 4500 |
| 001 - CONTROL NUMBER | |
| control field | sa 63002998 |
| 003 - CONTROL NUMBER IDENTIFIER | |
| control field | DLC |
| 005 - DATE AND TIME OF LATEST TRANSACTION | |
| control field | 20260227111938.0 |
| 008 - FIXED-LENGTH DATA ELEMENTS--GENERAL INFORMATION | |
| fixed length control field | 891228s1962 ii a 000 0 pano |
| 010 ## - LIBRARY OF CONGRESS CONTROL NUMBER | |
| LC control number | sa 63002998 |
| 025 ## - OVERSEAS ACQUISITION NUMBER | |
| Overseas acquisition number | PL480:I-Pu-222 |
| 035 ## - SYSTEM CONTROL NUMBER | |
| System control number | (OCoLC)20832246 |
| 040 ## - CATALOGING SOURCE | |
| Original cataloging agency | DLC |
| Transcribing agency | WaU |
| Modifying agency | NSyU |
| -- | DLC |
| 042 ## - AUTHENTICATION CODE | |
| Authentication code | premarc |
| 050 00 - LIBRARY OF CONGRESS CALL NUMBER | |
| Classification number | PK2659.S513 |
| Item number | A8 |
| 100 1# - MAIN ENTRY--PERSONAL NAME | |
| Personal name | Singh, Joga. |
| 245 10 - TITLE STATEMENT | |
| Title | Aṇkhī sūrme, |
| Statement of responsibility, etc. | Jogā Siṅgha 'Jogī.' |
| 250 ## - EDITION STATEMENT | |
| Edition statement | Pahilī wāra. |
| 260 ## - PUBLICATION, DISTRIBUTION, ETC. | |
| Place of publication, distribution, etc. | Ammritasara, |
| Name of publisher, distributor, etc. | Darabara Pabalishiṅga Hāusa |
| Date of publication, distribution, etc. | [1962?] |
| 300 ## - PHYSICAL DESCRIPTION | |
| Extent | 112 p. |
| Other physical details | illus. |
| Dimensions | 23 cm. |
| 500 ## - GENERAL NOTE | |
| General note | In Panjabi. |
| 500 ## - GENERAL NOTE | |
| General note | Poems. |
No items available.